| 000 | 00728nas a2200241Ia 4500 | ||
|---|---|---|---|
| 001 | A50/R174-35868 | ||
| 003 | IT-MiCISF | ||
| 005 | 20250606113937.0 | ||
| 008 | 161014c99999999xx |||||||||||| ||und|| | ||
| 040 |
_aIT-MiCISF _cIT-MiCISF |
||
| 041 | _ait | ||
| 100 |
_aVigna Carmelo (et al.) _961020 |
||
| 245 | 0 | _aLa procreazione assistita. Problemi etici e giuridici | |
| 250 | _a"Cronache e opinioni", n. 6, giugno | ||
| 260 | _c2002 | ||
| 300 | _app. 19-30 | ||
| 500 | _a Tema: procreazione-artificiale, etica, magistero | ||
| 650 | _aProcreazione | ||
| 654 | _adossier | ||
| 700 |
_aD'Agostino F., Di Pietro M.L., Gensabella M., Battaglia L., _aBosco Lucarelli M.R. _962258 |
||
| 942 |
_cCR _2ddc |
||
| 999 |
_c244656 _d244656 |
||
| 999 | _bSi | ||